[Event "Hradec Kralove Open 2022 - A FIDE Open"]
[Site "Cernigov hotel, Hradec Kralove"]
[Date "2022.11.06"]
[Round "2"]
[Board "12"]
[White "Paldus, Petr"]
[Black "Prachar, Josef"]
[Result "1-0"]
[WhiteElo "1960"]
[BlackElo "1774"]
[PlyCount "91"]
[EventDate "2022.11.05"]
[EventRounds "9"]
[EventCountry "CZE"]

1. e4 c5 2. Nf3 Nc6 3. c3 d5 4. exd5 Qxd5 5. d4 Bg4 6. Be2 cxd4 7. cxd4 e6 8. Nc3
Qa5 9. O-O Nf6 10. h3 Bh5 11. Bf4 Nd5 12. Nxd5 Qxd5 13. b3 Be7 14. Bc4 Qf5 15. Be3
Bxf3 16. Qxf3 Qxf3 17. gxf3 O-O 18. d5 Ne5 19. dxe6 Nxc4 20. exf7+ Rxf7 21. bxc4
Rxf3 22. Kg2 Rf5 23. Rad1 b6 24. Rd5 Rxd5 25. cxd5 Rd8 26. Rd1 Bd6 27. Kf3 Rc8 28.
Rc1 Rxc1 29. Bxc1 Kf7 30. Ke4 g6 31. f4 b5 32. Bd2 a6 33. f5 gxf5+ 34. Kxf5 b4 35.
Ke4 a5 36. Kd4 Kf6 37. Be1 a4 38. Kc4 b3 39. axb3 axb3 40. Kxb3 Ke5 41. Kc4 Ke4 42.
Bf2 h6 43. Bc5 Ke5 44. h4 h5 45. Bxd6+ Kxd6 46. Kd4  1-0

[Event "Hradec Kralove Open 2022 - A FIDE Open"]
[Site "Cernigov hotel, Hradec Kralove"]
[Date "2022.11.06"]
[Round "2"]
[Board "16"]
[White "Stankova, Radka"]
[Black "Jankowski, Aleksander"]
[Result "1-0"]
[WhiteElo "1833"]
[BlackElo "1730"]
[PlyCount "49"]
[EventDate "2022.11.05"]
[EventRounds "9"]
[EventCountry "CZE"]

1. e4 c5 2. Nc3 Nc6 3. g3 e5 4. Bg2 d6 5. d3 g6 6. f4 Bg7 7. Nf3 Nge7 8. O-O O-O
9. fxe5 dxe5 10. Be3 Nd4 11. Qd2 b6 12. Bh6 Nxf3+ 13. Rxf3 Be6 14. Kh1 Qd7 15. Raf1
Rad8 16. Bxg7 Kxg7 17. Qg5 Qd6 18. Nb5 Qb8 19. Qxe7 Rd7 20. Qf6+ Kg8 21. R3f2 c4
22. Nc3 cxd3 23. cxd3 Rxd3 24. Nd5 a5 25. Ne7#  1-0

[Event "Hradec Kralove Open 2022 - A FIDE Open"]
[Site "Cernigov hotel, Hradec Kralove"]
[Date "2022.11.06"]
[Round "2"]
[Board "19"]
[White "Berka, Lubos"]
[Black "Kutek, Jiri"]
[Result "0-1"]
[WhiteElo "1684"]
[BlackElo "1570"]
[PlyCount "70"]
[EventDate "2022.11.05"]
[EventRounds "9"]
[EventCountry "CZE"]

1. e4 c5 2. Nc3 Nc6 3. g3 d6 4. Bg2 Nf6 5. d3 g6 6. Nge2 Bg7 7. O-O O-O 8. h3 Rb8
9. Bg5 h6 10. Be3 b5 11. a3 a5 12. Qd2 Kh7 13. d4 cxd4 14. Nxd4 Nxd4 15. Bxd4 Ba6
16. Rfe1 Nd7 17. Bxg7 Kxg7 18. Qd4+ f6 19. Nd5 Bb7 20. Nf4 Nc5 21. Qe3 e5 22. Nd3
Ne6 23. c3 Qd7 24. Rad1 Qf7 25. f4 Qc7 26. h4 Rbd8 27. f5 gxf5 28. exf5 Bxg2 29.
Kxg2 Nc5 30. Qf3 Kh7 31. Nf2 Na4 32. Re2 Nb6 33. Qh5 Qg7 34. Re4 Qf7 35. Rg4 Qxh5
 0-1

[Event "Hradec Kralove Open 2022 - A FIDE Open"]
[Site "Cernigov hotel, Hradec Kralove"]
[Date "2022.11.06"]
[Round "2"]
[Board "24"]
[White "Zadrazil, Filip"]
[Black "Kolmas, Oldrich"]
[Result "1-0"]
[WhiteElo "1431"]
[BlackElo "1646"]
[PlyCount "58"]
[EventDate "2022.11.05"]
[EventRounds "9"]
[EventCountry "CZE"]

1. e4 e5 2. Nf3 Nc6 3. Bb5 a6 4. Bxc6 dxc6 5. d3 Bd6 6. Be3 Bg4 7. h3 Bh5 8. Nbd2
h6 9. Nc4 Qf6 10. Nxd6+ Qxd6 11. Qd2 Bxf3 12. gxf3 O-O-O 13. f4 Nf6 14. f3 Nh5 15.
fxe5 Qxe5 16. O-O-O Nf6 17. Rdg1 Kb8 18. Bf4 Qe6 19. Qa5 Rc8 20. Rxg7 Ne8 21. Rgg1
Nd6 22. Kb1 Rhg8 23. Qh5 Rxg1+ 24. Rxg1 c5 25. h4 c4 26. Qxh6 Qd7 27. Qh5 cxd3 28.
cxd3 Nc4 29. dxc4 Qd4  1-0

[Event "Hradec Kralove Open 2022 - A FIDE Open"]
[Site "Cernigov hotel, Hradec Kralove"]
[Date "2022.11.06"]
[Round "2"]
[Board "31"]
[White "Peglau, Paul David"]
[Black "Stocek, Jiri"]
[Result "1-0"]
[WhiteElo "1573"]
[BlackElo "1212"]
[PlyCount "31"]
[EventDate "2022.11.05"]
[EventRounds "9"]
[EventCountry "CZE"]

1. d4 d5 2. c4 Nf6 3. cxd5 Nxd5 4. Nf3 e6 5. e4 Nb6 6. Nc3 Bb4 7. Be2 Bxc3+ 8. bxc3
N8d7 9. O-O Nf6 10. e5 Ng8 11. Qc2 f6 12. Bd3 f5 13. Qe2 h6 14. Ba3 Bd7 15. Nd2 a6
16. Qh5+  1-0

[Event "Hradec Kralove Open 2022 - A FIDE Open"]
[Site "Cernigov hotel, Hradec Kralove"]
[Date "2022.11.07"]
[Round "3"]
[Board "1"]
[White "Jirasek, Pavel"]
[Black "Kraus, Ondrej"]
[Result "1-0"]
[WhiteElo "2291"]
[BlackElo "1992"]
[PlyCount "69"]
[EventDate "2022.11.05"]
[EventRounds "9"]
[EventCountry "CZE"]

1. c4 Nf6 2. Nf3 e6 3. g3 b6 4. Bg2 Bb7 5. O-O Be7 6. d4 O-O 7. Nc3 Ne4 8. Re1 Nxc3
9. bxc3 f5 10. d5 Na6 11. Qc2 Bf6 12. Ba3 Re8 13. Nd4 g6 14. e4 fxe4 15. Bxe4 Nc5
16. Bg2 exd5 17. cxd5 Rxe1+ 18. Rxe1 Qf8 19. Qe2 Qf7 20. Nb5 Ba6 21. c4 Bxb5 22.
cxb5 Bc3 23. d6 Rf8 24. Rf1 Re8 25. Qc2 Qg7 26. dxc7 Rc8 27. Bd5+ Kh8 28. Rc1 Bd4
29. Re1 Qf6 30. Bc1 Nd3 31. Re2 Nxf2 32. Kg2 Qd6 33. Qc4 Be5 34. Bf4 Bxf4 35. Qd4+
 1-0

[Event "Hradec Kralove Open 2022 - A FIDE Open"]
[Site "Cernigov hotel, Hradec Kralove"]
[Date "2022.11.07"]
[Round "3"]
[Board "3"]
[White "Moser, Axel"]
[Black "Paldus, Petr"]
[Result "1/2-1/2"]
[WhiteElo "2138"]
[BlackElo "1960"]
[PlyCount "69"]
[EventDate "2022.11.05"]
[EventRounds "9"]
[EventCountry "CZE"]

1. d4 d5 2. c4 e6 3. Nf3 c6 4. Nc3 f5 5. Bf4 Nf6 6. e4 Be7 7. Bd3 O-O 8. Qc2 Nxe4
9. g4 Bb4 10. gxf5 exf5 11. cxd5 cxd5 12. Ke2 Nc6 13. Nxd5 Kh8 14. Nc3 g5 15. Be5+
Nxe5 16. Nxe5 Bd6 17. Nc4 Bc7 18. Nxe4 fxe4 19. Bxe4 Qf6 20. f3 Bh3 21. d5 Bg2 22.
Qc3 Bxh1 23. Qxf6+ Rxf6 24. Rxh1 Rd8 25. h4 Rh6 26. h5 b5 27. Nd2 Be5 28. b3 Ra6
29. Bb1 Rxd5 30. Ne4 Bc7 31. h6 b4 32. Rh5 Raa5 33. Rh1 Ra6 34. Rh5 Raa5 35. Rh1
 1/2-1/2

[Event "Hradec Kralove Open 2022 - A FIDE Open"]
[Site "Cernigov hotel, Hradec Kralove"]
[Date "2022.11.07"]
[Round "3"]
[Board "4"]
[White "Peglau, Charis"]
[Black "Dusbaba, Karel"]
[Result "1-0"]
[WhiteElo "1974"]
[BlackElo "2046"]
[PlyCount "79"]
[EventDate "2022.11.05"]
[EventRounds "9"]
[EventCountry "CZE"]

1. d4 d5 2. c4 e6 3. Nc3 f5 4. Bf4 c6 5. e3 Nf6 6. Nf3 Bd6 7. Bd3 O-O 8. O-O Ne4
9. Rc1 Qe7 10. Qc2 Nd7 11. Rfd1 h6 12. Bxd6 Nxd6 13. cxd5 exd5 14. b4 a6 15. Ne2
g5 16. a4 Rf6 17. b5 axb5 18. axb5 g4 19. Nd2 Ne4 20. bxc6 bxc6 21. Nf4 Nf8 22. Ra1
Rxa1 23. Rxa1 Qb4 24. Nf1 Bd7 25. Ng3 Rf7 26. Be2 Qc3 27. Qxc3 Nxc3 28. Nd3 h5 29.
Bf1 h4 30. Nh5 Ng6 31. Ra8+ Kh7 32. Rd8 Ne4 33. f3 gxf3 34. gxf3 Kh6 35. fxe4 Kxh5
36. e5 Kg5 37. Nc5 Nf8 38. Nxd7 Nxd7 39. e6 Rg7 40. Rxd7  1-0

[Event "Hradec Kralove Open 2022 - A FIDE Open"]
[Site "Cernigov hotel, Hradec Kralove"]
[Date "2022.11.07"]
[Round "3"]
[Board "6"]
[White "Smietanska, Wiktoria"]
[Black "Sykora, Marek"]
[Result "1-0"]
[WhiteElo "1954"]
[BlackElo "2251"]
[PlyCount "117"]
[EventDate "2022.11.05"]
[EventRounds "9"]
[EventCountry "CZE"]

1. e4 d6 2. d4 Nf6 3. Nc3 e5 4. Nf3 Nbd7 5. Bc4 Be7 6. O-O O-O 7. Re1 c6 8. a4 a5
9. h3 Qc7 10. Bg5 Nb6 11. Bb3 Ne8 12. Be3 Bf6 13. dxe5 dxe5 14. Bc5 Be7 15. Bxb6
Qxb6 16. Nxe5 Qc5 17. Nd3 Qg5 18. Qf3 Nc7 19. Qf4 Ne6 20. Qxg5 Bxg5 21. Ne2 Bd7 22.
f4 Bf6 23. c3 Bd8 24. Rad1 Bb6+ 25. Kf1 Rfd8 26. e5 Bc8 27. g4 h5 28. Kg2 hxg4 29.
hxg4 Rxd3 30. Rxd3 Nc5 31. Rh3 Bxg4 32. Rh4 Nxb3 33. Rxg4 Rd8 34. Ng3 Nc5 35. f5
Kf8 36. e6 fxe6 37. fxe6 Rd2+ 38. Kh3 Nd3 39. e7+ Ke8 40. Ne4 Nxe1 41. Nxd2 Bc5 42.
Nc4 Nd3 43. Rxg7 Bxe7 44. Rh7 b5 45. Nxa5 bxa4 46. Nxc6 Bf6 47. Rb7 Bg5 48. Na5 Bc1
49. Nc4 Kd8 50. Kg2 Kc8 51. Ra7 a3 52. bxa3 Nf4+ 53. Kf3 Nd5 54. Nd6+ Kb8 55. Rb7+
Ka8 56. Rb3 Ka7 57. Ke4 Nf6+ 58. Kd4 Nd7 59. Rb7+  1-0

[Event "Hradec Kralove Open 2022 - A FIDE Open"]
[Site "Cernigov hotel, Hradec Kralove"]
[Date "2022.11.07"]
[Round "3"]
[Board "8"]
[White "Jiruse, Josef"]
[Black "Tesar, Jan"]
[Result "1-0"]
[WhiteElo "1917"]
[BlackElo "1977"]
[PlyCount "57"]
[EventDate "2022.11.05"]
[EventRounds "9"]
[EventCountry "CZE"]

1. e4 c5 2. Nc3 e6 3. f4 d5 4. exd5 exd5 5. Bb5+ Bd7 6. Qe2+ Be7 7. Nxd5 Nc6 8. Nf3
a6 9. Bxc6 Bxc6 10. Nxe7 Nxe7 11. O-O O-O 12. Qf2 Rc8 13. d3 Nf5 14. Ne5 Bd5 15.
b3 f6 16. Nc4 Bf7 17. a4 b5 18. Ne3 Nd4 19. Bb2 Re8 20. Rfe1 Qc7 21. axb5 axb5 22.
Bxd4 cxd4 23. Nf5 Qxc2 24. Rxe8+ Bxe8 25. Ne7+ Kf8 26. Nxc8 Qxc8 27. Qxd4 Qc2 28.
b4 Bc6 29. Qc5+  1-0

[Event "Hradec Kralove Open 2022 - A FIDE Open"]
[Site "Cernigov hotel, Hradec Kralove"]
[Date "2022.11.07"]
[Round "3"]
[Board "9"]
[White "Antoniewicz, Jakub"]
[Black "Stankova, Radka"]
[Result "1/2-1/2"]
[WhiteElo "1945"]
[BlackElo "1833"]
[PlyCount "62"]
[EventDate "2022.11.05"]
[EventRounds "9"]
[EventCountry "CZE"]

1. d4 Nf6 2. Nc3 d5 3. Bf4 a6 4. e3 Bf5 5. f3 e6 6. g4 Bg6 7. h4 h5 8. g5 Nfd7 9.
Bd3 Bxd3 10. Qxd3 g6 11. e4 c6 12. O-O-O Be7 13. Kb1 a5 14. Nh3 Na6 15. Rhe1 O-O
16. Nf2 Nb6 17. Qe2 Nc4 18. Nd3 Bb4 19. Bd2 Qb6 20. Na4 Nxd2+ 21. Rxd2 Qb5 22. Nxb4
Qxb4 23. Nc3 Qd6 24. Qh2 Qxh2 25. Rxh2 Rfe8 26. Rhe2 Kf8 27. Kc1 Rad8 28. Rd2 Rd7
29. Red1 b5 30. Ne2 Rc8 31. Nf4 Rcd8  1/2-1/2

[Event "Hradec Kralove Open 2022 - A FIDE Open"]
[Site "Cernigov hotel, Hradec Kralove"]
[Date "2022.11.07"]
[Round "3"]
[Board "13"]
[White "Valik, Ondrej"]
[Black "Bruna, Matous"]
[Result "1/2-1/2"]
[WhiteElo "1675"]
[BlackElo "1846"]
[PlyCount "65"]
[EventDate "2022.11.05"]
[EventRounds "9"]
[EventCountry "CZE"]

1. c4 e5 2. Nc3 Nf6 3. Nf3 Nc6 4. e4 d6 5. h3 g6 6. d4 Bg7 7. d5 Ne7 8. Bg5 h6 9.
Bd3 O-O 10. Qd2 Kh7 11. Be3 Nd7 12. h4 f5 13. exf5 gxf5 14. Bc2 Nf6 15. Nh2 Ng6 16.
g3 e4 17. Qe2 Ne5 18. O-O-O Bd7 19. f3 exf3 20. Nxf3 Kh8 21. Nxe5 dxe5 22. Bc5 Re8
23. d6 cxd6 24. Bxd6 e4 25. Bf4 Qa5 26. Rd6 Be6 27. Rhd1 Rac8 28. Bb3 b5 29. cxb5
Bxb3 30. axb3 Ng4 31. Kb1 Bxc3 32. bxc3 Qxc3 33. Qb2  1/2-1/2

[Event "Hradec Kralove Open 2022 - A FIDE Open"]
[Site "Cernigov hotel, Hradec Kralove"]
[Date "2022.11.07"]
[Round "3"]
[Board "15"]
[White "Galant, Ireneusz"]
[Black "Svec, Ludek"]
[Result "1/2-1/2"]
[WhiteElo "1820"]
[BlackElo "1602"]
[PlyCount "52"]
[EventDate "2022.11.05"]
[EventRounds "9"]
[EventCountry "CZE"]

1. d4 d5 2. Nc3 Nf6 3. Bf4 Bf5 4. f3 c5 5. e3 cxd4 6. exd4 Nc6 7. g4 Bg6 8. h4 h5
9. g5 Ng8 10. Nb5 Rc8 11. c3 a6 12. Na3 e6 13. Nc2 Bd6 14. Bxd6 Qxd6 15. Bd3 Nge7
16. Ne2 O-O 17. Qd2 Na5 18. Ne3 b5 19. b3 Nac6 20. f4 Nf5 21. Nxf5 Bxf5 22. b4 Ne7
23. O-O Bxd3 24. Qxd3 Nf5 25. Ng3 Nxg3 26. Qxg3 Rc4  1/2-1/2

[Event "Hradec Kralove Open 2022 - A FIDE Open"]
[Site "Cernigov hotel, Hradec Kralove"]
[Date "2022.11.07"]
[Round "3"]
[Board "18"]
[White "Prachar, Josef"]
[Black "Peglau, Paul David"]
[Result "1-0"]
[WhiteElo "1774"]
[BlackElo "1573"]
[PlyCount "111"]
[EventDate "2022.11.05"]
[EventRounds "9"]
[EventCountry "CZE"]

1. d4 d5 2. c4 dxc4 3. Nf3 a6 4. a4 Nf6 5. e3 Nc6 6. Bxc4 e5 7. O-O Bg4 8. Qb3 Bd6
9. Bxf7+ Kf8 10. Bd5 Nxd5 11. Qxd5 exd4 12. Qe4 Bxf3 13. Qxf3+ Qf6 14. Qxf6+ gxf6
15. exd4 Nxd4 16. Bh6+ Kf7 17. Nc3 Rhg8 18. Kh1 Rae8 19. Rae1 Re6 20. Rxe6 Nxe6 21.
Be3 Nf4 22. g3 Nd3 23. b3 Nc5 24. b4 Nd3 25. b5 Nb4 26. Ne4 axb5 27. Nxd6+ cxd6 28.
axb5 Nd5 29. Bd4 Rc8 30. f4 Rc4 31. Rd1 Rb4 32. b6 Nxb6 33. Bc3 Rb3 34. Rxd6 Rxc3
35. Rxb6 Rc7 36. Kg2 f5 37. Kh3 Ke8 38. Kh4 Rf7 39. Kg5 Kd8 40. Rf6 Rxf6 41. Kxf6
Kd7 42. Kxf5 Kd6 43. Ke4 Ke6 44. Kd4 Kf5 45. Kc5 h5 46. Kb6 Kg4 47. Kxb7 Kh3 48.
f5 Kxh2 49. f6 Kxg3 50. f7 h4 51. f8=Q Kg2 52. Qg8+ Kh2 53. Qa2+ Kg1 54. Qb1+ Kg2
55. Qe4+ Kg3 56. Qh1  1-0

[Event "Hradec Kralove Open 2022 - A FIDE Open"]
[Site "Cernigov hotel, Hradec Kralove"]
[Date "2022.11.07"]
[Round "3"]
[Board "23"]
[White "Stross, Frantisek"]
[Black "Vochozka, Jindrich"]
[Result "1-0"]
[WhiteElo "1413"]
[BlackElo "1670"]
[PlyCount "75"]
[EventDate "2022.11.05"]
[EventRounds "9"]
[EventCountry "CZE"]

1. e4 e6 2. e5 d5 3. d4 c5 4. c3 Nc6 5. Be3 Qb6 6. b3 Bd7 7. Nf3 cxd4 8. cxd4 Rc8
9. Be2 Nge7 10. O-O Nf5 11. h3 Be7 12. a3 Nxe3 13. fxe3 Na5 14. b4 Nc4 15. Bxc4 Rxc4
16. Nbd2 Rc8 17. Qe1 Bb5 18. Rf2 O-O 19. Nb3 Bc4 20. Nc5 Qc6 21. Rd2 b6 22. Nd3 Qb7
23. Nf4 Rc6 24. Qg3 Kh8 25. Nh5 Rg8 26. Ng5 Bxg5 27. Qxg5 Qc8 28. Rf2 Qf8 29. Qh4
Bd3 30. g4 g5 31. Qg3 Rg6 32. Nf6 Qc8 33. h4 Rc1+ 34. Rxc1 Qxc1+ 35. Kh2 gxh4 36.
Qxh4 Rg7 37. Nh5 Be4 38. Qd8+  1-0

[Event "Hradec Kralove Open 2022 - A FIDE Open"]
[Site "Cernigov hotel, Hradec Kralove"]
[Date "2022.11.07"]
[Round "3"]
[Board "24"]
[White "Hetfleischova, Elen"]
[Black "Krasa, Marek"]
[Result "0-1"]
[WhiteElo "1434"]
[BlackElo "1651"]
[PlyCount "52"]
[EventDate "2022.11.05"]
[EventRounds "9"]
[EventCountry "CZE"]

1. e4 b6 2. d4 e6 3. Nc3 Bb7 4. Nf3 Nf6 5. d5 Be7 6. Bf4 a6 7. Qd2 O-O 8. O-O-O b5
9. dxe6 fxe6 10. Bd3 b4 11. Ne2 Bxe4 12. Bxe4 Nxe4 13. Qe3 Nf6 14. h4 Nc6 15. Nfd4
Nxd4 16. Qxd4 c5 17. Qd3 d5 18. g4 Ne4 19. Qe3 e5 20. Bg3 Qa5 21. Rxd5 Nxg3 22. Qxg3
Qxa2 23. Qxe5 Bf6 24. Qe6+ Kh8 25. b3 Bc3 26. Kd1 Rxf2  0-1

[Event "Hradec Kralove Open 2022 - A FIDE Open"]
[Site "Cernigov hotel, Hradec Kralove"]
[Date "2022.11.07"]
[Round "3"]
[Board "26"]
[White "Endler, Boris"]
[Black "Linhart, Jiri"]
[Result "1-0"]
[WhiteElo "1549"]
[BlackElo "1301"]
[PlyCount "65"]
[EventDate "2022.11.05"]
[EventRounds "9"]
[EventCountry "CZE"]

1. e4 Nf6 2. e5 Nd5 3. d4 d6 4. c4 Nb6 5. exd6 cxd6 6. Nc3 Nc6 7. Nf3 Bg4 8. b3 e5
9. dxe5 Nxe5 10. Be2 Be7 11. Nxe5 Bxe2 12. Qxe2 dxe5 13. O-O O-O 14. Bb2 Bf6 15.
Ne4 Re8 16. Qf3 Rb8 17. Rad1 Qe7 18. Rd6 Bg5 19. Rfd1 h6 20. c5 Nc8 21. Rd7 Qe6 22.
Nxg5 hxg5 23. Rxb7 e4 24. Qc3 f6 25. Rxb8 Qg4 26. Qd4 Qe2 27. Qd2 Qa6 28. Qd5+ Kh8
29. a4 Qe2 30. Qd7 Kh7 31. Bxf6 Qxd1+ 32. Qxd1 gxf6 33. Qd7+  1-0

[Event "Hradec Kralove Open 2022 - A FIDE Open"]
[Site "Cernigov hotel, Hradec Kralove"]
[Date "2022.11.07"]
[Round "3"]
[Board "27"]
[White "Tsapanidis, Vasilis"]
[Black "Vorel, Bohuslav"]
[Result "1-0"]
[WhiteElo "1719"]
[BlackElo "1520"]
[PlyCount "59"]
[EventDate "2022.11.05"]
[EventRounds "9"]
[EventCountry "CZE"]

1. e4 c5 2. Nf3 d6 3. d4 cxd4 4. Nxd4 Nf6 5. Nc3 g6 6. Bd3 Bg7 7. O-O O-O 8. h3 a6
9. Be3 b5 10. a3 Bb7 11. Qd2 Nbd7 12. f3 Rc8 13. Nde2 Ne5 14. Bh6 Nc4 15. Bxc4 Rxc4
16. Bxg7 Kxg7 17. Rad1 Nd7 18. Kh1 Kg8 19. Nf4 Rc8 20. Qe3 Qb6 21. Qd2 Ne5 22. Nfd5
Bxd5 23. Nxd5 Qa7 24. Qf2 Qb7 25. b3 Rfd8 26. f4 Nc6 27. f5 Ne5 28. f6 exf6 29. Qxf6
Rd7 30. Qh4  1-0

[Event "Hradec Kralove Open 2022 - A FIDE Open"]
[Site "Cernigov hotel, Hradec Kralove"]
[Date "2022.11.07"]
[Round "3"]
[Board "29"]
[White "Kocek, Martin"]
[Black "Baraniuk, Andrej"]
[Result "1/2-1/2"]
[WhiteElo "1654"]
[BlackElo "1418"]
[PlyCount "65"]
[EventDate "2022.11.05"]
[EventRounds "9"]
[EventCountry "CZE"]

1. d4 d5 2. Bf4 c6 3. Nf3 Bf5 4. e3 Qb6 5. b3 e6 6. Bd3 Bxd3 7. Qxd3 Nf6 8. Nbd2
Nbd7 9. h3 Bb4 10. c3 Be7 11. O-O O-O 12. c4 c5 13. Rfc1 Bd6 14. Bxd6 Qxd6 15. Re1
cxd4 16. exd4 Rfd8 17. Ne5 dxc4 18. Ndxc4 Nxe5 19. Nxe5 Qxd4 20. Qf3 Qd5 21. Qe2
Rac8 22. Rad1 Qa5 23. Nc4 Qc7 24. Qb2 h6 25. Qa3 Rxd1 26. Rxd1 a6 27. Qb2 Rd8 28.
Rc1 Qf4 29. Ne3 Qd4 30. Qb1 Qd3 31. Qb2 Qd4 32. Qb1 Qd3 33. Qb2  1/2-1/2

[Event "Hradec Kralove Open 2022 - A FIDE Open"]
[Site "Cernigov hotel, Hradec Kralove"]
[Date "2022.11.08"]
[Round "4"]
[Board "1"]
[White "Peglau, Charis"]
[Black "Jirasek, Pavel"]
[Result "1/2-1/2"]
[WhiteElo "1974"]
[BlackElo "2291"]
[PlyCount "44"]
[EventDate "2022.11.05"]
[EventRounds "9"]
[EventCountry "CZE"]

1. d4 Nf6 2. c4 e6 3. Nf3 b6 4. Bf4 Bb4+ 5. Nbd2 O-O 6. e3 Bb7 7. a3 Be7 8. h3 c5
9. dxc5 bxc5 10. Be2 d5 11. O-O Nbd7 12. cxd5 exd5 13. Rc1 Re8 14. Ne5 Qb6 15. Nxd7
Nxd7 16. Bf3 Bf6 17. b4 Rac8 18. bxc5 Nxc5 19. Rb1 Qd8 20. Nb3 Ba6 21. Nxc5 Rxc5
22. Be2 Bxe2  1/2-1/2

[Event "Hradec Kralove Open 2022 - A FIDE Open"]
[Site "Cernigov hotel, Hradec Kralove"]
[Date "2022.11.08"]
[Round "4"]
[Board "2"]
[White "Smietanska, Wiktoria"]
[Black "Gorkiewicz, Mateusz"]
[Result "0-1"]
[WhiteElo "1954"]
[BlackElo "2028"]
[PlyCount "92"]
[EventDate "2022.11.05"]
[EventRounds "9"]
[EventCountry "CZE"]

1. e4 e5 2. Nf3 Nc6 3. Bb5 a6 4. Ba4 Nge7 5. O-O g6 6. c3 Bg7 7. d4 exd4 8. cxd4
b5 9. Bb3 O-O 10. Bf4 d6 11. h3 Na5 12. Bc2 Bb7 13. b3 c5 14. Qd2 Nac6 15. Bh6 Nxd4
16. Nxd4 Bxd4 17. Bxf8 Qxf8 18. Na3 Bxa1 19. Rxa1 Nc6 20. Rd1 Nd4 21. Bd3 Rd8 22.
Nc2 d5 23. exd5 Rxd5 24. Nxd4 Rxd4 25. Qc2 Qd6 26. Be2 Rxd1+ 27. Bxd1 Qd4 28. Be2
Be4 29. Qc1 Bd5 30. Qa3 Bb7 31. Qc1 Qe5 32. Bf1 Qd5 33. Qf4 Kg7 34. Qc7 Bc6 35. Qa5
Bb7 36. Qc7 h5 37. Qf4 Bc6 38. Qg3 Bd7 39. Qc3+ Qd4 40. Qa5 c4 41. Qb4 Be6 42. a4
Qa1 43. axb5 axb5 44. Qxb5 cxb3 45. h4 b2 46. Qe5+ Kh7  0-1

[Event "Hradec Kralove Open 2022 - A FIDE Open"]
[Site "Cernigov hotel, Hradec Kralove"]
[Date "2022.11.08"]
[Round "4"]
[Board "4"]
[White "Arndt, Stefan"]
[Black "Jiruse, Josef"]
[Result "1-0"]
[WhiteElo "2176"]
[BlackElo "1917"]
[PlyCount "41"]
[EventDate "2022.11.05"]
[EventRounds "9"]
[EventCountry "CZE"]

1. d4 Nf6 2. Nf3 c6 3. c4 d6 4. e3 Bg4 5. h3 Bxf3 6. Qxf3 e5 7. Nc3 Be7 8. Bd2 Nbd7
9. O-O-O Qc7 10. g4 Nf8 11. Kb1 Ne6 12. d5 Ng5 13. Qg2 cxd5 14. cxd5 h6 15. Rc1 Qb6
16. h4 Ngh7 17. g5 Ng8 18. g6 Nf8 19. Bb5+ Kd8 20. gxf7 Nf6 21. Bd3  1-0

[Event "Hradec Kralove Open 2022 - A FIDE Open"]
[Site "Cernigov hotel, Hradec Kralove"]
[Date "2022.11.08"]
[Round "4"]
[Board "6"]
[White "Dusbaba, Karel"]
[Black "Voriskova, Anna"]
[Result "1-0"]
[WhiteElo "2046"]
[BlackElo "1804"]
[PlyCount "71"]
[EventDate "2022.11.05"]
[EventRounds "9"]
[EventCountry "CZE"]

1. c4 c5 2. Nc3 Nc6 3. g3 g6 4. Bg2 Bg7 5. Nf3 d6 6. O-O e5 7. d3 Be6 8. a3 Nge7
9. Rb1 a5 10. Bd2 O-O 11. Nb5 d5 12. Ng5 Nd4 13. Nxe6 Nxe6 14. e3 d4 15. Bxb7 Rb8
16. Bg2 f5 17. Qe2 g5 18. exd4 Rxb5 19. cxb5 Nxd4 20. Qh5 f4 21. Qxg5 Qd7 22. Rfe1
f3 23. Bf1 Rf5 24. Bh3 Kh8 25. Be3 Ne2+ 26. Kh1 h6 27. Bxf5 Nxf5 28. Qh5 Nxe3 29.
fxe3 Qd5 30. Qe8+ Kh7 31. Qc6 Qxd3 32. Qxf3 Nd4 33. Red1 Qxb1 34. exd4 Qxb2 35. Qd3+
Kg8 36. dxc5  1-0

[Event "Hradec Kralove Open 2022 - A FIDE Open"]
[Site "Cernigov hotel, Hradec Kralove"]
[Date "2022.11.08"]
[Round "4"]
[Board "7"]
[White "Kraus, Ondrej"]
[Black "Prachar, Josef"]
[Result "1-0"]
[WhiteElo "1992"]
[BlackElo "1774"]
[PlyCount "77"]
[EventDate "2022.11.05"]
[EventRounds "9"]
[EventCountry "CZE"]

1. d4 Nf6 2. Nf3 d5 3. c4 e6 4. Nc3 Bb4 5. Bg5 h6 6. Bh4 g5 7. Bg3 Ne4 8. Qc2 h5
9. Ne5 h4 10. Qa4+ Nc6 11. Nxc6 Bxc3+ 12. bxc3 Bd7 13. Be5 Bxc6 14. Qa5 b6 15. Qa3
f6 16. f3 fxe5 17. fxe4 Qf6 18. cxd5 exd5 19. exd5 Bxd5 20. e4 Bxe4 21. Bb5+ c6 22.
Rf1 Qe7 23. Qa4 exd4 24. O-O-O Qc5 25. Bc4 b5 26. Bf7+ Kd7 27. Rxd4+ Bd5 28. Qc2
Kc7 29. Bxd5 cxd5 30. Rf7+ Kb6 31. Qg6+ Ka5 32. Kb2 Rhf8 33. Rxf8 Rxf8 34. Qxg5 Rf2+
35. Kb3 Qf8 36. Rxh4 Rf5 37. Qe3 Qf7 38. Qd4 Qc7 39. Qg4  1-0

[Event "Hradec Kralove Open 2022 - A FIDE Open"]
[Site "Cernigov hotel, Hradec Kralove"]
[Date "2022.11.08"]
[Round "4"]
[Board "9"]
[White "Nemec, Otakar"]
[Black "Antoniewicz, Jakub"]
[Result "1/2-1/2"]
[WhiteElo "1805"]
[BlackElo "1945"]
[PlyCount "43"]
[EventDate "2022.11.05"]
[EventRounds "9"]
[EventCountry "CZE"]

1. e4 c5 2. c3 d5 3. exd5 Qxd5 4. d4 Nc6 5. Nf3 Bf5 6. Be3 Nf6 7. Be2 e6 8. dxc5
O-O-O 9. O-O Ng4 10. Qxd5 Rxd5 11. Bf4 Bxc5 12. h3 Nf6 13. c4 Rd7 14. Nc3 Rhd8 15.
Rad1 Ne4 16. Nxe4 Bxe4 17. Rxd7 Rxd7 18. b3 Nd4 19. Nxd4 Bxd4 20. Rd1 Bb2 21. Rxd7
Kxd7 22. Bd1  1/2-1/2

[Event "Hradec Kralove Open 2022 - A FIDE Open"]
[Site "Cernigov hotel, Hradec Kralove"]
[Date "2022.11.08"]
[Round "4"]
[Board "11"]
[White "Navratil, Jiri"]
[Black "Stross, Frantisek"]
[Result "1-0"]
[WhiteElo "1891"]
[BlackElo "1413"]
[PlyCount "65"]
[EventDate "2022.11.05"]
[EventRounds "9"]
[EventCountry "CZE"]

1. d4 d5 2. Nf3 Nc6 3. Bf4 Bf5 4. c3 Bxb1 5. Rxb1 Qd7 6. e3 a6 7. Bd3 e6 8. Qc2 f5
9. b4 Na7 10. a4 Nf6 11. Ne5 Qc8 12. b5 axb5 13. axb5 b6 14. O-O Bd6 15. f3 Nh5 16.
Bg5 Bxe5 17. dxe5 h6 18. Bh4 g5 19. Bf2 O-O 20. g3 Ng7 21. e4 dxe4 22. fxe4 f4 23.
gxf4 Rxf4 24. Be3 Rxf1+ 25. Rxf1 Qe8 26. Qe2 Nc8 27. Rf6 Kh7 28. h4 Ne7 29. hxg5
h5 30. Bc4 Ng8 31. g6+ Kh8 32. Rf7 Qd8 33. Qxh5+  1-0